000 00421cam a2200181ua 4500
001 10566
008 190316n ii |||gr||||Z||||||eng
020 _a9788184556407
040 _cMAIN
082 _a307.7
100 _aM N Roy,
_eAuthor.
245 _aTextbook of rural sociology
250 _a1st ed.
260 _aNew Delhi:
_bOmega publications,
_c2017.
300 _a294p.
653 _aCommunities
942 _cBK
999 _c9539
_d9539